000 00903nam a2200229 4500
003 LK-CoMWRAF
005 20240103123708.0
008 230906b2009 |||||||| |||| 00| 0 eng d
020 _a9789551772352
040 _aLK-CoMWRAF
_dLK-CoMWRAF
_eLK-CoMWRAF
041 _asin
082 _a303.48
_bKRU
100 _aකෘෘස්, රොබට්
242 _a
245 _aසුනාමි :
_bසුනාමි බලපෑමට ලක් වූ මඩකලපුවේ ඩච් බාර් පෙදෙසේ බර් ගර් ගැහැණු
246 _aSunaami : Sunaami balapaamata lakwoo madakalapuwee dach baar pedesee bargar gahanu
260 _aකොළඹ :
_bසමාජ විද්‍යාඥයින්ගේ සංගමය,
_c2009
300 _aපි. 36
650 _aසුනාමි
650 _aස්වාභාවික ආපදා
942 _cBK
999 _c3430
_d3430